000 004480000a22001810004500
003 MACL
005 20160122115249.0
008 160122b xxu||||| |||| 00| 0 eng d
040 _aMACL
_cMACL
041 _aEnglish
082 _a651.3/DEV
100 _aDeva, Vasu
_933993
245 _aTraining and Development
260 _bCommonwealth
_c2002
_aNew Delhi
350 _a500
650 _aGeneral Managment
_921540
942 _cBK
_k651.3/DEV
_2ddc
999 _c33057
_d33057